000
00197nam a2200085 4500
001
1231377
005
20250918110213.0
245
_a
TOZKOPARAN İSKENDER ÇÖL ASLANI
_c
TRT
260
_b
YEDİVEREN ÇOCUK
999
_c
1231377
_d
1231377